Internet : (Record no. 62594)
[ view plain ]
| 000 -LEADER | |
|---|---|
| fixed length control field | 00560nam a22001697a 4500 |
| 005 - DATE AND TIME OF LATEST TRANSACTION | |
| control field | 20120213111011.0 |
| 020 ## - INTERNATIONAL STANDARD BOOK NUMBER | |
| Terms of availability | 290.00 |
| 035 ## - SYSTEM CONTROL NUMBER | |
| System control number | A-997990 |
| 037 ## - SOURCE OF ACQUISITION | |
| Stock number | dpl |
| 082 ## - DEWEY DECIMAL CLASSIFICATION NUMBER | |
| Classification number | 005.754 |
| 100 ## - MAIN ENTRY--PERSONAL NAME | |
| Personal name | Parekh,Harsha |
| 245 ## - TITLE STATEMENT | |
| Title | Internet : |
| Remainder of title | in the scholary communication process/ |
| Statement of responsibility, etc | Harsha,Parekh |
| 260 ## - PUBLICATION, DISTRIBUTION, ETC. (IMPRINT) | |
| Place of publication, distribution, etc | Mumbai |
| Name of publisher, distributor, etc | Writer |
| Date of publication, distribution, etc | 2000 |
| 300 ## - PHYSICAL DESCRIPTION | |
| Extent | V,235p. |
| Dimensions | 23 cm (pbk) |
| 942 ## - ADDED ENTRY ELEMENTS (KOHA) | |
| Source of classification or shelving scheme | Dewey Decimal Classification |
| Item type | English Books |
| Classification part | 005.754 |
| Call number suffix | PAR |
| Withdrawn status | Lost status | Not for loan | Collection code | Home library | Current library | Date acquired | Cost, normal purchase price | Full call number | Barcode | Cost, replacement price | Koha item type |
|---|---|---|---|---|---|---|---|---|---|---|---|
| Non-fiction | Sarojini Nagar | Sarojini Nagar | 13/02/2012 | 290.00 | 005.754 PAR | A-997990 | 290.00 | English Books |
